Smallest GDPs - Statistics

General Stats
  • This quiz has been taken 5 times
  • The average score is 14 of 20
Answer Stats
GDP Country % Correct
1,248 Antigua and Barbuda
80%
648 Comoros
80%
533 Dominica
80%
308 Federated States of Micronesia
80%
180 Kiribati
80%
209 Marshall Islands
80%
234 Palau
80%
852 Saint Kitts and Nevis
80%
1,406 Saint Lucia
80%
797 Saint Vincent and the Grenadines
80%
824 Samoa
80%
435 Tonga
80%
38 Tuvalu
80%
1,209 Guinea-Bissau
60%
182 Nauru
60%
337 Sao Tome and Principe
60%
1,103 Solomon Islands
60%
851 The Gambia
40%
812 Vanuatu
40%
1,375 Somalia
20%
No matching quizzes found
Score Distribution
Percent of People with Each Score
Percentile by Number Answered
Your Score History
You have not taken this quiz